[Event "Mecklenburg VP LL2 West 2223"]
[Site "Mecklenburg VP"]
[Date "2022.11.06"]
[Round "2.1"]
[White "Wagner, Ralph"]
[Black "Boehme, Andy"]
[Result "1/2-1/2"]
[WhiteElo "2127"]
[BlackElo "2069"]
[PlyCount "50"]
[EventDate "2022.10.23"]
[EventType "team-tourn"]
[EventRounds "9"]
[EventCountry "GER"]
[SourceTitle "EXT 2024"]
[Source "ChessBase"]
[SourceDate "2023.10.10"]
[SourceVersion "1"]
[SourceVersionDate "2023.10.10"]
[SourceQuality "1"]
[WhiteTeam "Schwerin SF III"]
[BlackTeam "Grevesmuehlen Blau Weiss"]
[WhiteTeamCountry "GER"]
[BlackTeamCountry "GER"]

1. d4 Nf6 2. c4 b6 3. Nc3 Bb7 4. Qc2 Nc6 5. Nf3 d6 6. a3 a5 7. e4 e5 8. d5 Nb8 9. h3 Be7 10. Be3 Nbd7 11. g3 Nc5 12. Bg2 Qd7 13. 0-0 a4 14. Nd2 Nh5 15. Kh2 g5 16. Bf3 Nf6 17. Bxg5 Bc8 18. Bg2 Ng4+ 19. hxg4 Bxg5 20. Nf3 Qxg4 21. Nxg5 Qxg5 22. Nb5 Qh5+ 23. Kg1 Kd8 24. f4 f6 25. fxe5 fxe5 1/2-1/2

[Event "Mecklenburg VP Verbandsliga 1920"]
[Site "Mecklenburg VP"]
[Date "2019.12.08"]
[Round "4.2"]
[White "Kross, Gunnar"]
[Black "Boehme, Andy"]
[Result "1/2-1/2"]
[WhiteElo "2049"]
[BlackElo "2058"]
[PlyCount "47"]
[EventDate "2019.09.29"]
[EventType "team-tourn"]
[EventRounds "9"]
[EventCountry "GER"]
[SourceTitle "EXT 2023"]
[Source "ChessBase"]
[SourceDate "2022.10.05"]
[SourceVersion "1"]
[SourceVersionDate "2022.10.05"]
[SourceQuality "1"]
[WhiteTeam "Schwerin SF III"]
[BlackTeam "Grevesmuehlen Blau Weiss"]
[WhiteTeamCountry "GER"]
[BlackTeamCountry "GER"]

1. Nf3 Nf6 2. g3 b6 3. Bg2 Bb7 4. 0-0 g6 5. d4 Bg7 6. c4 0-0 7. Nc3 Ne4 8. Nxe4 Bxe4 9. b3 d6 10. Bb2 Nd7 11. Qd2 e6 12. Rfd1 Qe7 13. e3 f5 14. Ne1 Bxg2 15. Nxg2 Nf6 16. Qe2 g5 17. Rac1 Rad8 18. c5 bxc5 19. dxc5 Ne4 20. cxd6 cxd6 21. Bxg7 Qxg7 22. Qc4 d5 23. Qa6 Rd6 24. Qa5 1/2-1/2

[Event "Mecklenburg VP Verbandsliga 1920"]
[Site "Mecklenburg VP"]
[Date "2019.09.29"]
[Round "1.2"]
[White "Littke, Helmut"]
[Black "Boehme, Andy"]
[Result "1/2-1/2"]
[WhiteElo "2056"]
[BlackElo "2058"]
[PlyCount "28"]
[EventDate "2019.09.29"]
[EventType "team-tourn"]
[EventRounds "9"]
[EventCountry "GER"]
[SourceTitle "EXT 2023"]
[Source "ChessBase"]
[SourceDate "2022.10.05"]
[SourceVersion "1"]
[SourceVersionDate "2022.10.05"]
[SourceQuality "1"]
[WhiteTeam "Wismar ASV Gruen-Weiss"]
[BlackTeam "Grevesmuehlen Blau Weiss"]
[WhiteTeamCountry "GER"]
[BlackTeamCountry "GER"]

1. d4 Nf6 2. Nf3 b6 3. g3 Bb7 4. Bg2 g6 5. c4 Bg7 6. 0-0 0-0 7. Nc3 Ne4 8. Nxe4 Bxe4 9. Nh4 Bxg2 10. Nxg2 d6 11. e4 Nc6 12. Be3 Na5 13. Qc2 Nc6 14. Rad1 Qc8 1/2-1/2

[Event "Mecklenburg VP LL2 West 1819"]
[Site "Mecklenburg VP"]
[Date "2019.03.10"]
[Round "7.3"]
[White "Ivanov, Sergey5555"]
[Black "Boehme, Andy"]
[Result "1/2-1/2"]
[WhiteElo "1907"]
[BlackElo "2058"]
[PlyCount "152"]
[EventDate "2018.10.21"]
[EventType "team-tourn"]
[EventRounds "9"]
[EventCountry "GER"]
[SourceTitle "EXT 2022"]
[Source "ChessBase"]
[SourceDate "2021.10.06"]
[SourceVersion "1"]
[SourceVersionDate "2021.10.06"]
[SourceQuality "1"]
[WhiteTeam "Rostock HSG Uni"]
[BlackTeam "Grevesmuehlen Blau Weiss"]
[WhiteTeamCountry "GER"]
[BlackTeamCountry "GER"]

1. c4 b6 2. Nc3 Bb7 3. Nf3 Nf6 4. g3 Bxf3 5. exf3 c5 6. Bg2 Nc6 7. 0-0 g6 8. Ne2 Bg7 9. d4 cxd4 10. Nxd4 Nxd4 11. Qxd4 0-0 12. Rd1 Rc8 13. Be3 d6 14. Rac1 Nd7 15. Qd2 Ne5 16. b3 Rc7 17. Bh6 Qb8 18. Bxg7 Kxg7 19. f4 Nd7 20. f5 Rfc8 21. fxg6 hxg6 22. Re1 Nf6 23. Re2 b5 24. Rce1 bxc4 25. bxc4 Rxc4 26. Rxe7 Rc2 27. Qd4 Rc1 28. Bd5 Rxe1+ 29. Rxe1 Qb6 30. Qxb6 axb6 31. Bb3 d5 32. Re7 Rd8 33. Rb7 Rd6 34. Re7 Kf8 35. Re5 d4 36. f3 Nd7 37. Rd5 Rxd5 38. Bxd5 Ke7 39. Kf2 f6 40. h4 f5 41. Ke2 Nc5 42. Kd2 Kf6 43. Bc4 g5 44. h5 g4 45. Ke2 Kg5 46. Bf7 gxf3+ 47. Kxf3 Nd7 48. Be6 Nc5 49. Bf7 Nd3 50. Be6 Ne5+ 51. Ke2 Kf6 52. Bc8 Kg5 53. Be6 Kxh5 54. Bxf5 Kg5 55. g4 Kf4 56. Kd2 b5 57. Ke2 Nf3 58. Kd3 Ke5 59. Ke2 Ng5 60. Kd3 Nh3 61. Bd7 Nf4+ 62. Kd2 b4 63. Bf5 Nd5 64. Kd3 Nc3 65. Kc4 Nd5 66. Kd3 Nc3 67. Kc4 Nxa2 68. Kb3 Nc1+ 69. Kxb4 Kf4 70. Kc4 Ke5 71. Bh7 Ne2 72. Kd3 Nf4+ 73. Kd2 Ne6 74. Kd3 Ng5 75. Bf5 Nh3 76. Kd2 Nf2 1/2-1/2

[Event "Mecklenburg VP LL 1617"]
[Site "Mecklenburg VP"]
[Date "2016.10.16"]
[Round "1.3"]
[White "Kunow, Frank"]
[Black "Boehme, Andy"]
[Result "0-1"]
[WhiteElo "1891"]
[BlackElo "1992"]
[PlyCount "86"]
[EventDate "2016.10.16"]
[EventType "team-tourn"]
[EventRounds "9"]
[EventCountry "GER"]
[SourceTitle "EXT 2022"]
[Source "ChessBase"]
[SourceDate "2021.10.06"]
[SourceVersion "1"]
[SourceVersionDate "2021.10.06"]
[SourceQuality "1"]
[WhiteTeam "Neubrandenburg SG Eintracht"]
[BlackTeam "Grevesmuehlen Blau Weiss"]
[WhiteTeamCountry "GER"]
[BlackTeamCountry "GER"]

1. Nf3 Nf6 2. c4 e6 3. g3 Nc6 4. Bg2 h6 5. 0-0 Be7 6. a3 a5 7. b3 Ne4 8. Bb2 Bf6 9. d4 d5 10. Qc2 Qe7 11. Nbd2 Nxd2 12. Qxd2 a4 13. b4 Bd7 14. Rac1 0-0 15. Ne5 Qd6 16. Ng4 Bg5 17. f4 Bd8 18. Ne3 Ne7 19. b5 c6 20. c5 Qb8 21. b6 Nf5 22. Ng4 f6 23. e4 dxe4 24. Bxe4 Ne7 25. Bb1 Nd5 26. f5 exf5 27. Bxf5 Bxf5 28. Rxf5 Qc8 29. Rcf1 Ne7 30. Nxf6+ Rxf6 31. Rxf6 gxf6 32. Qxh6 Nf5 33. Qg6+ Ng7 34. h4 Qe6 35. Bc1 Qf7 36. Qg4 f5 37. Qf3 Bf6 38. Be3 Rd8 39. Rd1 Qh5 40. Kg2 Qxf3+ 41. Kxf3 Ne6 42. d5 cxd5 43. Bf4 Nxc5 0-1

[Event "Mecklenburg VP VL 1516"]
[Site "Mecklenburg VP"]
[Date "2016.03.13"]
[Round "7.2"]
[White "Schumacher, Dirk"]
[Black "Boehme, Andy"]
[Result "1-0"]
[WhiteElo "1958"]
[BlackElo "2048"]
[PlyCount "65"]
[EventDate "2015.09.20"]
[EventType "team-tourn"]
[EventRounds "9"]
[EventCountry "GER"]
[SourceTitle "EXT 2022"]
[Source "ChessBase"]
[SourceDate "2021.10.06"]
[SourceVersion "1"]
[SourceVersionDate "2021.10.06"]
[SourceQuality "1"]
[WhiteTeam "Warnemuende SF Ostsee"]
[BlackTeam "Grevesmuehlen Blau Weiss"]
[WhiteTeamCountry "GER"]
[BlackTeamCountry "GER"]

1. e4 d5 2. exd5 Qxd5 3. Nc3 Qd8 4. Bc4 Nf6 5. Nf3 c6 6. d4 b5 7. Bb3 a5 8. a3 e6 9. 0-0 Bd6 10. Bg5 h6 11. Bxf6 gxf6 12. Re1 Be7 13. Qe2 Na6 14. d5 cxd5 15. Rad1 Nc7 16. Nd4 Bd7 17. Ncxb5 Nxb5 18. Nxb5 a4 19. Bxd5 Ra5 20. Bc6 Bxc6 21. Rxd8+ Bxd8 22. Nd6+ Ke7 23. Nxf7 Re8 24. Nxd8 Kxd8 25. Qd2+ Rd5 26. Qxh6 f5 27. h4 Kd7 28. h5 Re7 29. Qf6 f4 30. h6 Rf5 31. Qxf5 exf5 32. Rxe7+ Kxe7 33. h7 1-0

[Event "Mecklenburg VP VL 1415"]
[Site "Mecklenburg VP"]
[Date "2015.04.26"]
[Round "9.2"]
[White "Schumacher, Dirk"]
[Black "Boehme, Andy"]
[Result "1/2-1/2"]
[WhiteElo "1955"]
[BlackElo "2018"]
[PlyCount "113"]
[EventDate "2014.09.21"]
[EventType "team-tourn"]
[EventRounds "9"]
[EventCountry "GER"]
[SourceTitle "EXT 2022"]
[Source "ChessBase"]
[SourceDate "2021.10.06"]
[SourceVersion "1"]
[SourceVersionDate "2021.10.06"]
[SourceQuality "1"]
[WhiteTeam "Warnemuende SF Ostsee"]
[BlackTeam "Grevesmuehlen Blau Weiss"]
[WhiteTeamCountry "GER"]
[BlackTeamCountry "GER"]

1. e4 g6 2. Bc4 Bg7 3. d4 c6 4. Nc3 d5 5. exd5 b5 6. Bb3 b4 7. Nce2 cxd5 8. Bg5 Nf6 9. Nf4 Bb7 10. Bxf6 Bxf6 11. Qd3 a6 12. Nf3 Qd6 13. Qe3 Nd7 14. Nd3 Bg7 15. Nfe5 0-0 16. h4 Nxe5 17. dxe5 Qc7 18. h5 d4 19. Qh3 g5 20. Qg3 h6 21. f4 gxf4 22. Qxf4 Qc6 23. 0-0-0 Qe4 24. Rhe1 Qxf4+ 25. Nxf4 Rad8 26. e6 f5 27. Ng6 Rfe8 28. Ba4 Bxg2 29. Bxe8 Rxe8 30. Ne5 Be4 31. Rg1 Kh7 32. Nd3 a5 33. Nc5 Rc8 34. Nxe4 fxe4 35. Rxg7+ Kxg7 36. Rxd4 Rc5 37. Rxe4 Rxh5 38. Rf4 Re5 39. Rf7+ Kg8 40. Rxe7 h5 41. Ra7 h4 42. Ra8+ Kg7 43. e7 Rxe7 44. Rxa5 Kg6 45. Rd5 h3 46. Rd1 Re2 47. b3 h2 48. Kb2 Kf5 49. a4 bxa3+ 50. Kxa3 Rxc2 51. b4 Rg2 52. Rh1 Kf4 53. b5 Kg3 54. b6 Rf2 55. Kb4 Kg2 56. Rxh2+ Kxh2 57. Kc5 1/2-1/2

[Event "Mecklenburg VP VL 1415"]
[Site "Mecklenburg VP"]
[Date "2015.03.15"]
[Round "7.2"]
[White "Boehme, Andy"]
[Black "Hubert, Peter"]
[Result "1-0"]
[WhiteElo "2018"]
[BlackElo "1999"]
[PlyCount "91"]
[EventDate "2014.09.21"]
[EventType "team-tourn"]
[EventRounds "9"]
[EventCountry "GER"]
[SourceTitle "EXT 2022"]
[Source "ChessBase"]
[SourceDate "2021.10.06"]
[SourceVersion "1"]
[SourceVersionDate "2021.10.06"]
[SourceQuality "1"]
[WhiteTeam "Grevesmuehlen Blau Weiss"]
[BlackTeam "Stralsund FHSG"]
[WhiteTeamCountry "GER"]
[BlackTeamCountry "GER"]

1. g3 g6 2. Bg2 Bg7 3. c3 d5 4. d3 c6 5. f4 Nf6 6. Nf3 Qb6 7. e3 0-0 8. 0-0 Nbd7 9. Kh1 Re8 10. d4 Ne4 11. Nbd2 Nd6 12. Qb3 Nf6 13. Ne5 Bf5 14. h3 Nfe4 15. Nxe4 Bxe4 16. Ng4 Qa6 17. Qd1 Nf5 18. Kh2 Bxg2 19. Kxg2 h5 20. Nf2 h4 21. g4 Ng3 22. Re1 f5 23. g5 e6 24. Qd3 b5 25. Bd2 Qb6 26. Reb1 a5 27. Be1 Kf7 28. Nd1 Ne4 29. b3 Rh8 30. a4 Bf8 31. axb5 cxb5 32. c4 b4 33. c5 Qc6 34. Ra4 Be7 35. Rba1 Rhb8 36. Rxa5 Rxa5 37. Rxa5 Qc7 38. Ra2 Qb7 39. Qa6 Bxc5 40. Qxb7+ Rxb7 41. dxc5 Nxc5 42. Nf2 e5 43. Rc2 Rb5 44. Bxb4 Ne6 45. Nd3 e4 46. Ne5+ 1-0

[Event "Mecklenburg VP VL 1415"]
[Site "Mecklenburg VP"]
[Date "2015.02.22"]
[Round "6.2"]
[White "Boehme, Andy"]
[Black "Schmekel, Florian"]
[Result "1-0"]
[WhiteElo "2018"]
[BlackElo "1795"]
[PlyCount "63"]
[EventDate "2014.09.21"]
[EventType "team-tourn"]
[EventRounds "9"]
[EventCountry "GER"]
[SourceTitle "EXT 2022"]
[Source "ChessBase"]
[SourceDate "2021.10.06"]
[SourceVersion "1"]
[SourceVersionDate "2021.10.06"]
[SourceQuality "1"]
[WhiteTeam "Grevesmuehlen Blau Weiss"]
[BlackTeam "Torgelow Droegeheide"]
[WhiteTeamCountry "GER"]
[BlackTeamCountry "GER"]

1. Nf3 c5 2. g3 Nc6 3. Bg2 g6 4. 0-0 Bg7 5. d3 e6 6. c3 Nge7 7. Nbd2 d5 8. e4 0-0 9. Re1 dxe4 10. dxe4 b6 11. Nf1 Bb7 12. Qc2 Qc8 13. h4 h6 14. N1h2 Rd8 15. Ng4 Kh7 16. Bd2 h5 17. Ngh2 Ne5 18. Nxe5 Bxe5 19. f4 Bg7 20. Nf3 Qc7 21. Ng5+ Kg8 22. Be3 Rd7 23. Qe2 Kf8 24. g4 Ng8 25. gxh5 gxh5 26. Qxh5 Nf6 27. Nh7+ Ke7 28. Qg5 Bh8 29. e5 Bxg2 30. Nxf6 Bxf6 31. exf6+ Kd6 32. Qxg2 1-0

[Event "Mecklenburg VP VL 1415"]
[Site "Mecklenburg VP"]
[Date "2015.01.18"]
[Round "5.2"]
[White "Boehme, Andy"]
[Black "Dettmann, Gerd"]
[Result "1-0"]
[WhiteElo "2018"]
[BlackElo "2139"]
[PlyCount "107"]
[EventDate "2014.09.21"]
[EventType "team-tourn"]
[EventRounds "9"]
[EventCountry "GER"]
[SourceTitle "EXT 2022"]
[Source "ChessBase"]
[SourceDate "2021.10.06"]
[SourceVersion "1"]
[SourceVersionDate "2021.10.06"]
[SourceQuality "1"]
[WhiteTeam "Grevesmuehlen Blau Weiss"]
[BlackTeam "Guestrow/Teterow"]
[WhiteTeamCountry "GER"]
[BlackTeamCountry "GER"]

1. g3 c5 2. Bg2 Nc6 3. d3 Nf6 4. Nd2 g6 5. c3 Bg7 6. Nh3 0-0 7. 0-0 d6 8. f3 b5 9. Nf2 Bb7 10. e4 Qb6 11. a4 a6 12. f4 Rfd8 13. g4 b4 14. Nc4 Qc7 15. g5 Nd7 16. Bd2 a5 17. Ng4 Nb6 18. Nce3 Ba6 19. Be1 e6 20. Nf6+ Kh8 21. Neg4 Nd7 22. Qf3 h5 23. Qh3 Bxd3 24. Qxd3 hxg4 25. Nxg4 Kg8 26. Rd1 Nb6 27. b3 Rab8 28. Nf6+ Kf8 29. cxb4 axb4 30. Bf2 Qe7 31. Ng4 Nd4 32. Rfe1 Nd7 33. Ne3 Kg8 34. h4 Nb6 35. f5 Be5 36. f6 Qc7 37. Ng4 Kf8 38. Rc1 Qa7 39. Nxe5 dxe5 40. h5 c4 41. bxc4 Nxa4 42. hxg6 fxg6 43. Qh3 Qf7 44. Ra1 Nc5 45. Qh2 Kg8 46. Re3 Ra8 47. Rxa8 Rxa8 48. Qxe5 Ncb3 49. Rh3 Ra1+ 50. Kh2 Nc6 51. Qd6 Nba5 52. e5 Ra2 53. Bxc6 Rxf2+ 54. Kg1 1-0

[Event "Mecklenburg VP VL 1213"]
[Site "Mecklenburg VP"]
[Date "2013.03.17"]
[Round "7.2"]
[White "Zentgraf, Robert"]
[Black "Boehme, Andy"]
[Result "0-1"]
[WhiteElo "2087"]
[BlackElo "1983"]
[PlyCount "66"]
[EventDate "2012.10.14"]
[EventType "team-tourn"]
[EventRounds "9"]
[EventCountry "GER"]
[SourceTitle "EXT 2022"]
[Source "ChessBase"]
[SourceDate "2021.10.06"]
[SourceVersion "1"]
[SourceVersionDate "2021.10.06"]
[SourceQuality "1"]
[WhiteTeam "Torgelow Droegeheide"]
[BlackTeam "Grevesmuehlen Blau Weiss"]
[WhiteTeamCountry "GER"]
[BlackTeamCountry "GER"]

1. e4 g6 2. Nc3 c6 3. Bc4 d5 4. exd5 b5 5. Bb3 b4 6. dxc6 bxc3 7. Qf3 Nf6 8. Ba4 Qd5 9. c7+ Nbd7 10. Bc6 Qe5+ 11. Qe2 cxd2+ 12. Kd1 dxc1Q+ 13. Kxc1 Bh6+ 14. Kb1 Qxc7 15. Bxa8 0-0 16. Bf3 Nb6 17. a4 Rd8 18. Ra3 Rd2 19. Rc3 Rxe2 20. Rxc7 Re1+ 21. Ka2 Be6+ 22. b3 Nfd5 23. Bxd5 Bxd5 24. a5 Bxg2 25. axb6 axb6 26. Nf3 Rxh1 27. Ne5 Bd2 28. Kb2 b5 29. c3 Be4 30. Ka3 f6 31. Ng4 Bf4 32. Rc8+ Kg7 33. h3 Rxh3 0-1

[Event "Daehne Cup final"]
[Site "Magdeburg"]
[Date "2011.06.25"]
[Round "5"]
[White "Boehme, Andy"]
[Black "Bloess, Andre"]
[Result "1/2-1/2"]
[WhiteElo "2047"]
[BlackElo "2091"]
[PlyCount "31"]
[EventDate "2011.06.23"]
[EventType "swiss"]
[EventRounds "5"]
[EventCountry "GER"]
[SourceTitle "CBM 143 Extra"]
[Source "ChessBase"]
[SourceDate "2011.08.29"]
[SourceVersion "1"]
[SourceVersionDate "2011.08.29"]
[SourceQuality "1"]

1. Nf3 c5 2. c4 Nc6 3. Nc3 g6 4. g3 Bg7 5. Bg2 d6 6. a3 Rb8 7. Rb1 Nf6 8. b4 0-0 9. 0-0 a6 10. b5 axb5 11. Nxb5 d5 12. cxd5 Nxd5 13. Bb2 e5 14. d3 Be6 15. Nd2 Nd4 16. Bxd4 1/2-1/2

[Event "Daehne Cup final"]
[Site "Magdeburg"]
[Date "2011.06.23"]
[Round "1"]
[White "Boehme, Andy"]
[Black "Michalowski, Peter"]
[Result "1-0"]
[WhiteElo "2047"]
[BlackElo "2045"]
[PlyCount "227"]
[EventDate "2011.06.23"]
[EventType "swiss"]
[EventRounds "5"]
[EventCountry "GER"]
[SourceTitle "CBM 143 Extra"]
[Source "ChessBase"]
[SourceDate "2011.08.29"]
[SourceVersion "1"]
[SourceVersionDate "2011.08.29"]
[SourceQuality "1"]

1. Nf3 Nf6 2. c4 e6 3. b3 c5 4. g3 b6 5. Bg2 Bb7 6. 0-0 Be7 7. d3 0-0 8. Bb2 d5 9. e3 Na6 10. Qe2 Qc7 11. Ne1 Rad8 12. f4 Rfe8 13. g4 dxc4 14. bxc4 Nb4 15. Bxb7 Qxb7 16. a3 Nc6 17. Nc3 Nd7 18. g5 e5 19. Qh5 exf4 20. Nd5 Bd6 21. Rf3 Be5 22. Rh3 Nf8 23. Bxe5 Nxe5 24. exf4 Neg6 25. Qf3 Qd7 26. Ng2 Ne7 27. Nge3 Nxd5 28. cxd5 Rxe3 29. Qxe3 Qxd5 30. Re1 Ne6 31. Rf3 g6 32. Qf2 Nd4 33. Rfe3 Nf5 34. Re8+ Rxe8 35. Rxe8+ Kg7 36. Qe2 Qd4+ 37. Kg2 Qxf4 38. Qe5+ Qxe5 39. Rxe5 Nd4 40. Re7 a5 41. a4 b5 42. axb5 Nxb5 43. Re5 Nd4 44. Rxc5 Ne6 45. Rxa5 Nf4+ 46. Kf3 Nxd3 47. Rb5 Ne1+ 48. Ke4 Ng2 49. Rb7 Nh4 50. Kf4 Nf5 51. Kg4 Ne3+ 52. Kf3 Nf5 53. Kf4 Nh4 54. h3 Nf5 55. Rd7 Nh4 56. Rd1 Nf5 57. Rh1 h6 58. h4 hxg5+ 59. hxg5 Nd4 60. Ra1 Ne6+ 61. Kg4 Nd4 62. Ra5 Ne6 63. Rd5 Nc7 64. Re5 Ne6 65. Kf3 Nd4+ 66. Ke4 Nf5 67. Ra5 Nd6+ 68. Kd5 Nf5 69. Ke5 Nh4 70. Ra3 Nf5 71. Ra6 Nh4 72. Kd6 Nf5+ 73. Kd7 Kf8 74. Ra8+ Kg7 75. Ra7 Kf8 76. Rb7 Kg7 77. Rc7 Kf8 78. Rc6 Nh4 79. Rc8+ Kg7 80. Ke8 Nf5 81. Rd8 Kg8 82. Ra8 Kg7 83. Ra6 Kg8 84. Ra7 Nd6+ 85. Kd7 Nf5 86. Kd8 Kf8 87. Ra6 Nh4 88. Kd7 Nf3 89. Ra5 Nh4 90. Ra8+ Kg7 91. Ke8 Nf3 92. Ra5 Nh4 93. Ra7 Kg8 94. Rxf7 Nf5 95. Ra7 Nd6+ 96. Kd7 Ne4 97. Ra5 Kf7 98. Re5 Ng3 99. Re7+ Kf8 100. Ke6 Ne4 101. Rf7+ Kg8 102. Ra7 Nxg5+ 103. Kf6 Ne4+ 104. Kxg6 Kf8 105. Kf5 Nd6+ 106. Ke6 Ne4 107. Ra5 Kg7 108. Re5 Nf2 109. Kf5 Nd3 110. Rb5 Kf7 111. Ke4 Nf2+ 112. Kf3 Nd3 113. Ke3 Nc1 114. Rb2 1-0

[Event "Mecklenburg VP VL 1011"]
[Site "Mecklenburg VP"]
[Date "2010.12.12"]
[Round "4.4"]
[White "Hammel, Ralf"]
[Black "Boehme, Andy"]
[Result "0-1"]
[WhiteElo "1978"]
[BlackElo "2007"]
[PlyCount "116"]
[EventDate "2010.10.10"]
[EventType "team-tourn"]
[EventRounds "9"]
[EventCountry "GER"]
[SourceTitle "EXT 2022"]
[Source "ChessBase"]
[SourceDate "2021.10.06"]
[SourceVersion "1"]
[SourceVersionDate "2021.10.06"]
[SourceQuality "1"]
[WhiteTeam "Rostock HSG Uni"]
[BlackTeam "Grevesmuehlen Blau Weiss"]
[WhiteTeamCountry "GER"]
[BlackTeamCountry "GER"]

1. e4 d5 2. exd5 Qxd5 3. Nc3 Qd8 4. d4 Nf6 5. Bc4 a6 6. Nf3 b5 7. Bb3 e6 8. d5 c5 9. dxc6 Qxd1+ 10. Nxd1 Nxc6 11. 0-0 Na5 12. Bg5 Bb7 13. Ne3 Be7 14. Nd4 Nxb3 15. Nxb3 h6 16. Bf4 Nd5 17. Nxd5 Bxd5 18. Be5 f6 19. Bd4 e5 20. Be3 Rc8 21. c3 Kf7 22. Rfd1 Ke6 23. f3 g5 24. Rd2 b4 25. Rc2 Rc7 26. Bb6 Rc6 27. Ba5 Rb8 28. Re2 Bxb3 29. axb3 bxc3 30. Bxc3 Rxb3 31. Re4 Bc5+ 32. Kf1 Rd6 33. Rea4 Rbb6 34. Re1 h5 35. h3 h4 36. f4 Rd5 37. fxg5 fxg5 38. Rea1 Kf5 39. Rxa6 Rxa6 40. Rxa6 Rd1+ 41. Ke2 Rg1 42. Ra5 Rxg2+ 43. Kf1 Rg1+ 44. Ke2 Bd6 45. Rd5 Ke6 46. Rd3 e4 47. Rd4 Bf4 48. Rxe4+ Kf5 49. Rd4 Rg2+ 50. Kf1 Rg3 51. Be1 Rxh3 52. b4 Rh1+ 53. Ke2 Rh2+ 54. Kd3 Rb2 55. Bc3 Rb1 56. Kc2 Rc1+ 57. Kb2 h3 58. Rxf4+ gxf4 0-1